Statistics for math puzzles

Click here to take the quiz!

General Stats

  • This quiz has been taken 65 times
  • The average score is 4 of 8

Answer Stats

HintAnswer% Correct
1,4,9,16,25,36,49,81,100121
91%
2,4,8,16,32,64,128,256,5121024
72%
1,1,2,3,5,8,13,21,34,55,89144
70%
3,9,27,81,243,729,2187,6561
58%
1,8,27,64,125,216,343,512729
55%
0,9,26,65,124,217,342,513728
15%
1,64,729,4096,15625,46656117649
8%
2,12,36,80,150,252,392,576810
6%

Score Distribution

Percentile by Number Answered

Percent of People with Each Score

Your Score History

You have not taken this quiz